00666 2200205 4500001002100000005001500021035002000036007000300056008004100059020001800100082001000118084001600128100001400144245010500158250001100263260003700274300005500311700002200366600007200388INLIS00000000000005520240425094203 a0010-0424000032ta240425 0  a9789792959734 a616.7 a616.7 Yek e0 aPrieharti1 a45 Penyakit mata :bBerbagai jenis penyakit & kelainan pada mata, lengkap pencegahan & penanganannya aKesatu aYogyakarta :bAndi Offset,c2016 a138 :bilustrasi berwarna ;c19 X 19 cmetidak ada0 aDr. Yekti mumpuni 4aPendidikan, kesehatan, Keperawatan, kedokteran, mata, penyakit mata